Mahaweli projects & programme 1986: (Record no. 1987)

MARC details
000 -LEADER
fixed length control field 006030000a22001450004500
005 - DATE AND TIME OF LATEST TRANSACTION
control field 20240527103346.0
008 - FIXED-LENGTH DATA ELEMENTS--GENERAL INFORMATION
fixed length control field 230817t ||||| |||| 00| 0 eng d
082 ## - DEWEY DECIMAL CLASSIFICATION NUMBER
Classification number 338.954
Item number MAH
942 ## - ADDED ENTRY ELEMENTS (KOHA)
Item Type Reports
245 ## - TITLE STATEMENT
Title Mahaweli projects & programme 1986:
Sub Title a survey of the progress of work on the accelerated programme of Mahaweli Development in 1985 and the developments in 1986
260 ## - PUBLICATION, DISTRIBUTION, ETC. (IMPRINT)
Place of Publication Colombo:
Name of Publisher Ministry of Land and Land Development and the Ministry of Mahaweli Development,
Date of Copyright 1985
300 ## - PHYSICAL DESCRIPTION
Extent 139 p., maps
650 ## - SUBJECT ADDED ENTRY--TOPICAL TERM
Topical Term NATIONAL DEVELOPMENT PROGRAMMES-Sri Lanka
650 ## - SUBJECT ADDED ENTRY--TOPICAL TERM
Topical Term Mahaweli programme-Sri Lanka
Holdings
Withdrawn status Lost status Damaged status Not for loan Permanent location Current location Date acquired Total Checkouts Full call number Barcode Date last seen Price effective from Koha item type
        Resource center, Muslim Women's Research And Action Forum Resource center, Muslim Women's Research And Action Forum 2023-08-17   338.9 MAH RAF4339 2023-08-17 2023-08-17 Reports

Copyright © 2023 Muslim Women's Research and Action Forum (MWRAF), No 27/3, Anderson Road, Kalubowila, Dehiwela. Funded by The Asia Fundation